Top agents (Record no. 77386)

MARC details
000 -LEADER
fixed length control field 00875cab a2200229 4500
001 - CONTROL NUMBER
control field ##L134139
008 - FIXED-LENGTH DATA ELEMENTS--GENERAL INFORMATION
fixed length control field 060713n2006 000 0 eng u
035 ## - SYSTEM CONTROL NUMBER
System control number (Sirsi) u134139
041 0# - LANGUAGE CODE
Language code of text/sound track or separate title eng
100 1# - MAIN ENTRY--PERSONAL NAME
Personal name Bill, Peter
245 00 - TITLE STATEMENT
Title Top agents
260 ## - PUBLICATION, DISTRIBUTION, ETC.
Date of publication, distribution, etc. 2006
490 #0 - SERIES STATEMENT
Series statement Estates Gazette
Volume/sequential designation (0627) 8 July 2006, 59-67(9)
520 ## - SUMMARY, ETC.
Summary, etc. Top agents have had another boom year according to the 10th annual "Estates Gazette" agents' table. Covers top 20 agents' total UK turnover, top 73 agents by UK turnover and top 73 agents ranked by turnover per head. Includes articles on Atisreal's acquisitions' plans and the top 10 global agents over the last decade.
590 ## - LOCAL NOTE (RLIN)
Local note IKA180706 NTK
650 24 - SUBJECT ADDED ENTRY--TOPICAL TERM
Topical term or geographic name entry element EG TOP AGENTS TABLE
651 #4 - SUBJECT ADDED ENTRY--GEOGRAPHIC NAME
Geographic name United Kingdom
Chronological subdivision
690 ## - LOCAL SUBJECT ADDED ENTRY--TOPICAL TERM (OCLC, RLIN)
Topical term or geographic name as entry element PROPERTY-PROPERTY AGENCY
700 1# - ADDED ENTRY--PERSONAL NAME
Personal name Catalano, Alex
700 1# - ADDED ENTRY--PERSONAL NAME
Personal name Wehner, Piers
942 ## - ADDED ENTRY ELEMENTS (KOHA)
Suppress in OPAC 0
Holdings
Withdrawn status Lost status Source of classification or shelving scheme Damaged status Not for loan Home library Current library Shelving location Date acquired Total Checkouts Full call number Barcode Date last seen Copy number Price effective from Koha item type
    Dewey Decimal Classification     London London Journal article 13/07/2006   L134139 134139-1001 06/08/2019 1 06/08/2019 Journal article